Statistics for Science General Knowledge - Multiple Choice #2

Click here to take the quiz!

General Stats

  • This quiz has been taken 634 times
  • The average score is 8 of 25

Answer Stats

QuestionAnswer% Correct
In condition of equilibrium, sum of anticlockwise moments is equal tosum of clockwise moments
82%
Father of GeneticsGregor Mendel
61%
Real image is alwaysInverted
56%
Manufacture of Ammonia is done by which of the following processes ?Haber's Process
45%
Which of the following statement is correct ?Sum of potential and kinetic energy is constant
42%
Vibrations of decreasing amplitude areDamped
40%
Work done when the angle between displacement and direction of force is 90 degrees.0
39%
A physical balance is an example ofClass I lever
36%
Another term for sperm duct isVas deferens
34%
Combination of two light nuclei is known as ____ on which ________ is based.Nuclear Fusion, Hydrogen Bomb
30%
Isontones has/have sameNumber of Neutrons
27%
Which of the following element has highest electron affinity?Chlorine
26%
Increased number of RBCs isPolycythaemia
26%
Which one of the following is an assumption by by an observer?Centrifugal force
25%
S.I. unit of conductance issiemen
24%
Elimination of one β - particle causesAtomic number to decreased by one
23%
Considering Electrolysis, which one from the following statements is wrong?Cathode is oxidizing electrode
23%
In case of a convex lens, image is formed at infinity when object is atFirst Focus
23%
Which of the following is not a ohmic resistor matched?Solar cell
22%
Photo-Chemical phase of photosynthesis takes place inThylakoids
19%
Hormones that promotes apical dominanceAuxins
17%
Bonding present in NH4Cl includesIonic, Co-valent and Co-ordinate
14%
Which among the following is known as Aqua Fortis?Nitric Acid
14%
Which of the following is colored gas?Nitrogen Dioxide
14%
Which of the following is wrong related to the following reaction?

N2 + 3H2 -> 2NH3

High Temperature
13%

Score Distribution

Percentile by Number Answered

Percent of People with Each Score

Your Score History

You have not taken this quiz